Geoguessr Strommasten Quiz - Statistiken

Allgemein
  • Dieses Quiz wurde 234 mal gespielt
  • Das Durchschnittsergebnis liegt bei 9 aus 42
Antwortstatistiken
Bildquiz Antwort % Korrekt
Mexiko
55%
Polen
48%
Kolumbien
43%
Brasilien
41%
Rumänien
41%
Ungarn
39%
Portugal
36%
Argentinien
33%
Frankreich
33%
Ukraine
31%
Österreich
29%
Peru
27%
Deutschland
26%
Russland
26%
Bulgarien
25%
Chile
25%
Niederlande
25%
Dänemark
21%
Lettland
21%
Litauen
21%
Schweden
21%
Spanien
21%
Norwegen
19%
Uruguay
17%
Türkei
16%
Ecuador
15%
Irland
15%
Belgien
13%
Italien
12%
Nord Mazedonien
12%
Vereinigtes Königreich
12%
Griechenland
11%
Tschechien
11%
Luxemburg
10%
Finnland
9%
Montenegro
9%
Slowakei
9%
Bolivien
7%
Kroatien
7%
Panama
6%
Alabanien
5%
Estlandq
5%
Keine übereinstimmenden Quizze gefunden
Verteilung der Resultate
Anzahl Personen mit jedem Resultat
Perzentil nach korrekt beantworteten Fragen
Ihre Resultats-Entwicklung
Sie haben dieses Quiz noch nicht gespielt